000 01317cam a2200349 a 4500
001 13626972
003 OSt
005 20230919103858.0
008 040617r20041987nyu 000 1 eng
010 _a 2004555136
020 _a9780099540977
040 _aDLC
_cDLC
_dDLC
043 _an-us-oh
050 0 0 _aPS3563.O8749
_bB4 2004
082 0 0 _a813.54
_bMOR/B
100 1 _aMorrison, Toni
_96895
245 1 0 _aBeloved :
_ba novel /
_cby Toni Morrison
250 _aReading guide ed.
260 _aNew York :
_bVintage International,
_c2004.
300 _axix, 321 p. ;
_c21 cm.
650 0 _aAfrican American women
_vFiction.
650 0 _aEnslaved women
_vFiction.
650 0 _aInfanticide
_vFiction.
651 0 _aOhio
_vFiction.
655 7 _aHistorical fiction.
_2gsafd
856 4 2 _3Contributor biographical information
_uhttp://www.loc.gov/catdir/bios/random056/2004555136.html
856 4 1 _3Sample text
_uhttp://www.loc.gov/catdir/samples/random051/2004555136.html
856 4 2 _3Publisher description
_uhttp://www.loc.gov/catdir/description/random052/2004555136.html
906 _a7
_bcbc
_corigcop
_d2
_encip
_f20
_gy-gencatlg
942 _2ddc
_cBK
_h813.54
_iMOR/B
_k813.54
_mMOR/B
999 _c42174
_d42174